| 000 | 004470000a22001810004500 | ||
|---|---|---|---|
| 003 | MACL | ||
| 005 | 20150823112802.0 | ||
| 008 | 150823b xxu||||| |||| 00| 0 eng d | ||
| 040 |
_aMACL _cMACL |
||
| 041 | _aEnglish | ||
| 082 | _a640/MUK | ||
| 100 |
_aMukharji, S _96905 |
||
| 245 |
_aYour Child _bToday and tomorrow |
||
| 260 |
_bNational Book Shop _c2009 _aDelhi |
||
| 350 | _a200 | ||
| 650 |
_aFamily Living _96906 |
||
| 942 |
_cBK _k640/MUK _2ddc |
||
| 999 |
_c42871 _d42871 |
||